Central Library OPAC University of Rajshahi

Some methods for microbiological assay / (Record no. 12323)

MARC details
000 -LEADER
fixed length control field 00921nam a2200277 a 4500
001 - CONTROL NUMBER
control field 12323
003 - CONTROL NUMBER IDENTIFIER
rucl marc code BD-RjUL
005 - DATE AND TIME OF LATEST TRANSACTION
control field 20211208235255.0
008 - FIXED-LENGTH DATA ELEMENTS--GENERAL INFORMATION
fixed length control field 161004s1975 enka b 001 0 eng
020 ## - INTERNATIONAL STANDARD BOOK NUMBER
International Standard Book Number 0121082407
035 ## - SYSTEM CONTROL NUMBER
System control number (BD-RjUL)12372
040 ## - CATALOGING SOURCE
Original cataloging agency DLC
Transcribing agency DLC
Modifying agency DLC
-- BD-RjUL
Language of cataloging eng
041 ## - LANGUAGE CODE
Language code of text/sound track or separate title eng
082 00 - DEWEY DECIMAL CLASSIFICATION NUMBER
Classification number 579.078
Author mark and year SOM 1975
Edition number 23
245 00 - TITLE STATEMENT
Title Some methods for microbiological assay /
Statement of responsibility, etc. edited by R. G. Board and D. W. Lovelock.
260 ## - PUBLICATION, DISTRIBUTION, ETC. (IMPRINT)
Place of publication, distribution, etc. London ;
-- New York :
Name of publisher, distributor, etc. Academic Press,
Date of publication, distribution, etc. 1975.
300 ## - PHYSICAL DESCRIPTION
Pagination xiii, 286 p. :
Illustrations ill. ;
Size 24 cm.
490 1# - SERIES STATEMENT
Series statement Technical series - Society for Applied Bacteriology ; no. 8
500 ## - GENERAL NOTE
General note Includes indexes.
650 #0 - SUBJECT ADDED ENTRY--TOPICAL TERM
Topical term or geographic name as entry element Microbiology--Technique
9 (RLIN) 159675
Topical term or geographic name as entry element Microbiology
9 (RLIN) 159676
700 1# - ADDED ENTRY--PERSONAL NAME
Personal name Board, R. G.
Personal name Lovelock, D. W.
830 ## - SERIES ADDED ENTRY--UNIFORM TITLE
Uniform title Technical series - Society for Applied Bacteriology ; no. 8
942 ## - ADDED ENTRY ELEMENTS (KOHA)
Source of classification or shelving scheme Dewey Decimal Classification
Koha item type Books
Holdings
Lost status Source of classification or shelving scheme Damaged status Not for loan Collection code Permanent Location Current Location Shelving location Date acquired Source of acquisition Cost, normal purchase price Total Checkouts Full call number Date last seen Copy number Koha item type
  Dewey Decimal Classification   Not For Loan Non-fiction Central Library, University of Rajshahi Central Library, University of Rajshahi Reading Room 17/12/1981 Heffers 11.20   579.078 SOM 1975 28/01/2014 C-1 Books
  Dewey Decimal Classification     Non-fiction Central Library, University of Rajshahi Central Library, University of Rajshahi   17/12/1981 Heffer 11.20   579.078 SOM 1975 04/10/2016 C-2 Books
  Dewey Decimal Classification     Non-fiction Central Library, University of Rajshahi Central Library, University of Rajshahi   30/07/1982 Heffers 18.80   579.078 SOM 1975 20/05/2017 C-3 Books
  Dewey Decimal Classification     Non-fiction Central Library, University of Rajshahi Central Library, University of Rajshahi   30/07/1982 Heffers 18.80   579.078 SOM 1975 20/05/2017 C-4 Books
  Dewey Decimal Classification     Non-fiction Central Library, University of Rajshahi Central Library, University of Rajshahi   30/07/1982 Heffers 18.80   579.078 SOM 1975 20/05/2017 C-5 Books